000 00201 a2200109 4500
020 _a9781499402674
041 _aspa
100 _aGibbs, Maddie
245 _aLos caballos
942 _cBK
952 _71
999 _c25383
_d25383